Technologie cukru Surovárna a rafinerie
Guardado en:
| Autor principal: | |
|---|---|
| Formato: | Libro |
| Lenguaje: | checo |
| Publicado: |
Praha
SNTL
1980
|
| Edición: | 2. preprac. vyd. |
| Acceso en línea: | Ver en el OPAC |
| Etiquetas: |
Sin Etiquetas, Sea el primero en etiquetar este registro!
|
MARC
| LEADER | 00000nam a2200000 a 4500 | ||
|---|---|---|---|
| 005 | 20260127134213.0 | ||
| 008 | 060622s1980 xo cze d | ||
| 035 | |a vtls008804134 | ||
| 035 | |a HEVK29741 | ||
| 039 | 9 | |a 200812030935 |b mschk03 |y 200606231212 |z VLOAD | |
| 040 | |a HEVK |b slo |c HEVK |d STUSCHK1 | ||
| 041 | 0 | |a cze | |
| 080 | |a 664.1 | ||
| 100 | 1 | |a Bretschneider, Rudolf | |
| 245 | 1 | |a Technologie cukru |b Surovárna a rafinerie |c Rudolf Bretschneider | |
| 250 | |a 2. preprac. vyd. | ||
| 260 | |a Praha |b SNTL |c 1980 | ||
| 300 | |a 423 s. viaz. | ||
| 910 | |a hevk | ||
| 910 | |a SCHK95 | ||
| 999 | |c 6617 |d 6617 | ||
| 942 | 0 | 0 | |0 1 |